Európa má novú právnu úpravu pre kolektívne investovanie smernica UCITS IV prispeje k odstráneniu pri cezhraničnom predaji fondov

Nové regulačné mechanizmy a nová právna úprava kolektívneho investovania v Európskej únii nadobudne účinnosť 1. júla 2011. Smernica UCITS (z anglického Undertakings for Collective Investment in Transferable Securities) a jej vývoj. Jednotné pravidlá pre zlučovanie fondov. Cezhraničná správa a rozdel...

Descrizione completa

Salvato in:
Dettagli Bibliografici
Autore principale: Šťastný, Slavomír
Altri autori: Ambra, Tomáš
Natura: Capitolo di libro
Lingua:slovacco
Soggetti:
Tags: Aggiungi Tag
Nessun Tag, puoi essere il primo ad aggiungerne!!

MARC

LEADER 00000naa$a2200000$$$4500
001 0110468
005 20231019091459.5
041 0 |a slo 
044 |a SK 
245 1 0 |a Európa má novú právnu úpravu pre kolektívne investovanie  |b smernica UCITS IV prispeje k odstráneniu pri cezhraničnom predaji fondov  |c Slavomír Šťastný, Tomáš Ambra 
520 |a Nové regulačné mechanizmy a nová právna úprava kolektívneho investovania v Európskej únii nadobudne účinnosť 1. júla 2011. Smernica UCITS (z anglického Undertakings for Collective Investment in Transferable Securities) a jej vývoj. Jednotné pravidlá pre zlučovanie fondov. Cezhraničná správa a rozdelený dohľad. Vykonávacie predpisy Európskej komisie. 
610 2 0 |a trh kapitálový 
610 2 0 |a Európska únia 
610 2 0 |a Slovensko 
610 2 0 |a investovanie kolektívne 
610 2 0 |a spoločnosti správcovské 
610 2 0 |a nástroje investičné 
610 2 0 |a Európska komisia 
610 2 0 |a smernice 
610 2 0 |a predpisy právne 
100 1 |a Šťastný, Slavomír 
700 1 |a Ambra, Tomáš